| 000 | 00395pab a2200157 454500 | ||
|---|---|---|---|
| 008 | 180718b2005 xxu||||| |||| 00| 0 eng d | ||
| 100 | _aRanjan, Prabhash | ||
| 245 | _aGSP: stil open to political use | ||
| 260 | _c2005 | ||
| 300 | _ap.195-98. | ||
| 362 | _a15 Jan | ||
| 650 | _aInternational trade | ||
| 700 | _aShivpuri, Aparna | ||
| 773 | _aEconomic and Political Weekly | ||
| 909 | _a63969 | ||
| 999 |
_c63969 _d63969 |
||